معجم د کنيا ت(حصہ ا و ل ) (Record no. 186991)

MARC details
000 -LEADER
fixed length control field 00653nam a22001937a 4500
005 - DATE AND TIME OF LATEST TRANSACTION
control field 20220325112845.0
010 ## - LCCN (DPL NO)
LC control number UR-11492
020 ## - INTERNATIONAL STANDARD BOOK NUMBER
Terms of availability 500.00
International Standard Book Number 9788194178316
035 ## - SYSTEM CONTROL NUMBER
System control number U-10047
037 ## - SOURCE OF ACQUISITION
Source of stock number/acquisition DBAD/PUB
Stock number -
082 ## - DEWEY DECIMAL CLASSIFICATION NUMBER
Classification number 840.08
Edition number -
100 ## - MAIN ENTRY--PERSONAL NAME
Personal name محمد علی ا ثر
245 ## - TITLE STATEMENT
Title معجم د کنيا ت(حصہ ا و ل )
Statement of responsibility, etc محمد علی ا ثر
246 ## - VARYING FORM OF TITLE
Remainder of title Moujam Dakaniyat (Part-1)(Urdu)
Title proper/short title by Mohd.Ali Asar
260 ## - PUBLICATION, DISTRIBUTION, ETC. (IMPRINT)
Place of publication, distribution, etc Hyderabad
Name of publisher, distributor, etc Al-Ansar Publications
Date of publication, distribution, etc 2020 ء
270 ## - ADDRESS
Address Jamal Colony,Riyasat Nagar,
City Hyderabad
Postal code 059
Telephone number 09391301192
Fax number -
300 ## - PHYSICAL DESCRIPTION
Extent 568 ص
Dimensions 22 Cm(Hb)
942 ## - ADDED ENTRY ELEMENTS (KOHA)
Source of classification or shelving scheme Dewey Decimal Classification
Item type Urdu Bks
Classification part 840.08
Call number suffix ا ث ر
Holdings
Withdrawn status Lost status Not for loan Collection code Home library Current library Date acquired Source of acquisition Cost, normal purchase price Full call number Barcode Copy number Cost, replacement price Koha item type
    Not For Loan Non-fiction D.B.Act.Division Central Library 25/03/2022 DBAD/PUB 500.00 840.08 ا ث ر U-10047 1 500.00 Urdu Bks

© Delhi Public Library
Hit Counter
free hit counter